000 00466nam a2200145Ia 4500
008 231129s2007||||xx |||||||||||||| ||spa||
020 _a978-958-8297-42-2
040 _bspa
082 _a341.66 I59v
100 _aInstituto Interamericano de Derechos Humanos
245 0 _aVerdad Justicia y Reparación. Encuentro de actores sociales. Conversatorio
260 _c2007
264 _aIIDH; Por-Offset Editorial
942 _2ddc
_cBKS
999 _c26186
_d26186